Kvalita inovovaných výrobkov

Proces nepretržitého zabezpečovania kvality je nevyhnutným predpokladom uplatnenia akýchkoľvek výrobkov na trhoch a teda aj celkového komerčného úspechu inovácií. Na to, aby bol podnik úspešný a teda aby jeho inovácie boli komerčne úspešné, musí tento podnik ponúkať výrobky, poprípade poskytovať slu...

ver descrição completa

Na minha lista:
Detalhes bibliográficos
Autor principal: Hargaš, Marek
Outros Autores: Sedlák, Miroslav, Dugas, Jaroslav, 1967-
Formato: Capítulo de Livro
Idioma:eslovaco
Assuntos:
Tags: Adicionar Tag
Sem tags, seja o primeiro a adicionar uma tag!

MARC

LEADER 00000naa$a2200000$$$4500
001 0290118
005 20240502074443.1
041 0 |a slo 
044 |a SK 
245 1 0 |a Kvalita inovovaných výrobkov  |c Marek Hargaš, Miroslav Sedlák, Jaroslav Dugas 
520 |a Proces nepretržitého zabezpečovania kvality je nevyhnutným predpokladom uplatnenia akýchkoľvek výrobkov na trhoch a teda aj celkového komerčného úspechu inovácií. Na to, aby bol podnik úspešný a teda aby jeho inovácie boli komerčne úspešné, musí tento podnik ponúkať výrobky, poprípade poskytovať služby, ktoré nielen že spĺňajú stanovenú potrebu alebo účel použitia a plnohodnotne uspokojujú zákazníkove očakávania, ale taktiež sa zhodujú so všetkými príslušnými normami a špecifikáciami, to znamená, že zodpovedajú právnym požiadavkám, pravidlám, nariadeniam, predpisom a bezpečnostným faktorom spoločnosti. Dôležité je aj ekonomické hľadisko a teda či ponúkané výrobky alebo služby sú poskytované za konkurenčné ceny a pri nákladoch, ktoré dokážu tvoriť zisk, ale najväčšia pozornosť by mala byť venovaná kvalite a jej manažérstvu počas celého inovačného procesu, čo je aj zámerom tohto príspevku. 
610 2 0 |a kvalita 
610 2 0 |a výrobky 
610 2 0 |a podnik 
610 2 0 |a manažment 
610 2 0 |a kontrola štatistická 
610 2 0 |a inovácia 
100 1 |a Hargaš, Marek 
700 1 |a Sedlák, Miroslav 
700 1 |a Dugas, Jaroslav, 1967-